000 01022cam a2200217 4500
001 WB@3612-32
008 041020n2004 000 0 eng u
035 _a(Sirsi) u127775
245 _aKPI packs
260 _c2004
490 _aConstructing Excellence Resource Centre
_vOctober 2004 (2)
520 _aConstructing Excellence has published the latest Key Performance Indicators pack for the construction industry for 2004. The pack is a valuable source of information and advice on the use of KPIs and includes wallcharts and handbooks on various aspects of KPIs, graphs for the major sub-sectors of the industry, methods of measurement, a CD-ROM and case studies and a best practice guide. For further details go to the website. http://www.constructingexcellence.org.uk/default.j sp
590 _aWB
590 _aWB
650 _aKEY PERFORMANCE INDICATORS
650 _aBENCHMARKING
650 _aBEST PRACTICE
650 _aCONSTRUCTION INDUSTRY
690 _aBUILDING AND CONSTRUCTION
942 _n0
999 _c118200
_d118200